000 00278nam a2200121Ia 4500
008 231106s2019 xx 000 0 und d
041 _aeng
082 _a751.42
100 _aSAMANTHA NELSEN
245 _a30-SECOND MYTHOLOGY
260 _bSEARCH PRESS
_c2019
300 _aP-128
999 _c920122
_d920122